000 01182nam a2200313 i 4500
003 EG-GICUC
005 20260126172957.0
008 260117s2004 ua ||||fr|||| 00| 0 ara d
017 _a2004/7663
020 _a977044457X
040 _a EG-GICUC
_bara
_c EG-GICUC
_d EG-GICUC
_erda
041 _aara
082 0 4 _221
_a343.163313
_bر م . س
092 0 4 _221
099 _aLaw1 10 343.163313 ر م . س2004
100 0 _aرمزى رياض عوض
_eمؤلف.
245 1 0 _aسلطة القاضى الجنائى فى تقدير الأدلة :
_bدراسة مقارنة /
_cتأليف دكتور رمزى رياض عوض.
264 1 _aالقاهرة :
_bدار النهضة العربية،
_c2004.
300 _a264 صفحة ;
_c24 سم.
336 _2rda content
_atext
337 _2rda media
_aComputer
338 _2rda carrier
_aOnline Resource
504 _aيشتمل على إرجاعات ببليوجرافية.
650 1 _aالقانون الجنائي
650 1 _aالسلطة التقديرية للقاضي في تطبيق العقاب
856 4 0 _uhttps://fll.law.cu.edu.eg/fulltext/bks/B10-06067.pdf
905 _a43
_eYara
942 _2ddc
_n0
_cBK
_e21
999 _c57338
_d57338